[Event "January Blitz"]
[Site "SchemingMind.com"]
[Date "2015.02.05"]
[Round "-"]
[White "BigDoggProblem"]
[Black "CLewis73"]
[Result "1-0"]
[WhiteCountry "USA"]
[BlackCountry "ENG"]
[WhiteElo "1810"]
[WhiteRD "63"]
[BlackElo "1800"]
[BlackRD "73"]
[GameID "373991"]

1. e4 e6 2. d4 d5 3. e5 c5 4. c3 cxd4 5. cxd4 Bb4+ 6. Bd2 Bxd2+ 7. Qxd2 Ne7 8. Nf3 O-O 9. Nc3 a6 10. Bd3 Bd7
11. O-O-O b5 12. Kb1 Nbc6 13. g4 b4 14. Ne2 Qb6 15. h4 b3 16. a3 Na5 17. Nf4 Nc4 18. Qe2 Rac8 19. Nh5 Nc6 20. Bxc4 dxc4
21. Qe4 Ne7 22. Ng5 Ng6 23. Rh3 Bc6 24. Qe2 Bd5 25. f4 h6 26. Ne4 Bxe4+ 27. Qxe4 Qa5 28. Rc3 Nxh4 29. f5 g5 30. Nf6+ Kg7
31. fxe6 Ng6 32. e7 Rfe8 33. Nxe8+ Rxe8 34. Qf5 Nxe7 35. Qf6+ Kg8 36. Qxh6
1-0

[Event "January Blitz"]
[Site "SchemingMind.com"]
[Date "2015.02.02"]
[Round "-"]
[White "CLewis73"]
[Black "khayman"]
[Result "0-1"]
[WhiteCountry "ENG"]
[BlackCountry "ENG"]
[WhiteElo "1800"]
[WhiteRD "73"]
[BlackElo "2436"]
[BlackRD "84"]
[GameID "373992"]

1. e4 e5 2. d4 exd4 3. Nf3 Nc6 4. c3 dxc3 5. Nxc3 Bc5 6. Bc4 d6 7. Qb3 Qd7 8. Nd5 Nge7 9. Qc3 O-O 10. Bh6 Qg4
11. O-O Nxd5 12. exd5 Nd4 13. Bd2 Nxf3+ 14. Qxf3 Qxc4 15. Bc3 Bd7 16. Qg3 f6 17. Rfe1 Rae8
0-1

[Event "January Blitz"]
[Site "SchemingMind.com"]
[Date "2015.02.02"]
[Round "-"]
[White "khayman"]
[Black "CLewis73"]
[Result "1-0"]
[WhiteCountry "ENG"]
[BlackCountry "ENG"]
[WhiteElo "2436"]
[WhiteRD "84"]
[BlackElo "1800"]
[BlackRD "73"]
[GameID "373993"]

1. e4 e5 2. Nf3 d5 3. exd5 e4 4. Qe2 Qe7 5. Nd4 Qe5 6. Nb5 a6 7. d4 Qe7 8. N5c3 f5 9. g4 Nf6 10. g5 Nfd7
11. Bg2 g6 12. f3 exf3 13. Bxf3 Qxe2+ 14. Nxe2 Bg7 15. Bf4 c6 16. Nbc3 O-O 17. h4 Nb6 18. h5 cxd5 19. hxg6 hxg6 20. Nxd5 N8d7
21. Ne7+ Kf7 22. Nxg6 Kxg6 23. Bh5+ Kh7 24. Bf7+ Bh6 25. g6+ Kg7 26. Bxh6+ Kf6 27. O-O-O Rxf7 28. gxf7
1-0

[Event "January Blitz"]
[Site "SchemingMind.com"]
[Date "2015.02.01"]
[Round "-"]
[White "CLewis73"]
[Black "michel"]
[Result "0-1"]
[WhiteCountry "ENG"]
[BlackCountry "CAN"]
[WhiteElo "1800"]
[WhiteRD "73"]
[BlackElo "2332"]
[BlackRD "56"]
[GameID "373994"]

1. e4 d6 2. Bc4 Nf6 3. d3 g6 4. f4 Bg7 5. Nf3 d5 6. exd5 Nxd5 7. O-O O-O 8. Bxd5 Qxd5 9. Bd2 Bxb2 10. Nc3 Qc5+
11. d4 Qc4
0-1

[Event "January Blitz"]
[Site "SchemingMind.com"]
[Date "2015.02.01"]
[Round "-"]
[White "michel"]
[Black "CLewis73"]
[Result "1-0"]
[WhiteCountry "CAN"]
[BlackCountry "ENG"]
[WhiteElo "2332"]
[WhiteRD "56"]
[BlackElo "1800"]
[BlackRD "73"]
[GameID "373995"]

1. e4 e5 2. Nf3 d5 3. exd5 e4 4. Qe2 Qe7 5. Nd4 Qe5 6. Nb5 a6 7. d4 Qe7 8. N5c3 f5 9. g4 Nf6 10. g5 Nfd7
11. Bg2 g6 12. f3 exf3 13. Bxf3 Qxe2+ 14. Nxe2 Bb4+ 15. Kf2 O-O 16. Bf4 Bd6 17. Nd2 Nb6 18. c4 Kf7 19. c5 Bxf4 20. Nxf4 Na4
21. Nc4 b5 22. cxb6 Nxb6 23. Nxb6 cxb6 24. d6 Ra7 25. Rac1 Nd7 26. Bd5+
1-0

[Event "January Blitz"]
[Site "SchemingMind.com"]
[Date "2015.02.01"]
[Round "-"]
[White "CLewis73"]
[Black "Stephen Woodhouse"]
[Result "1/2-1/2"]
[WhiteCountry "ENG"]
[BlackCountry "ENG"]
[WhiteElo "1800"]
[WhiteRD "73"]
[BlackElo "1883"]
[BlackRD "48"]
[GameID "373996"]

1. e4 e6 2. d4 d5 3. Nc3 Nf6 4. Bg5 dxe4 5. Bxf6 Qxf6 6. Nxe4 Qd8 7. Nf3 Be7 8. Bc4 O-O 9. O-O Nd7 10. Qe2 Nf6
11. Rad1 Bd7 12. Ne5 Bc6 13. Nxf6+ Bxf6 14. Nxc6 bxc6 15. c3 Qe7 16. f4 c5 17. d5 exd5 18. Qxe7 Bxe7 19. Rxd5 Rad8 20. Rfd1 g6
21. Rxd8 Rxd8 22. Rxd8+ Bxd8=
1/2-1/2

[Event "January Blitz"]
[Site "SchemingMind.com"]
[Date "2015.02.01"]
[Round "-"]
[White "Stephen Woodhouse"]
[Black "CLewis73"]
[Result "0-1"]
[WhiteCountry "ENG"]
[BlackCountry "ENG"]
[WhiteElo "1883"]
[WhiteRD "48"]
[BlackElo "1800"]
[BlackRD "73"]
[GameID "373997"]

1. e4 e5 2. Nf3 d5 3. exd5 e4 4. Qe2 Qe7 5. Nd4 g6 6. Nc3 Bg7 7. Nb3 f5 8. g3 a5 9. a4 c6 10. Bg2 Nf6
11. Qc4 Qb4 12. Qxb4 axb4 13. Ne2 Nxd5 14. O-O O-O 15. c3 bxc3 16. dxc3 b6 17. Nf4 Nxf4 18. Bxf4 Be6 19. Nd4 Bxd4 20. cxd4 Rd8
21. Be3 Na6 22. f3 exf3 23. Bxf3 Bd5 24. Rac1 Rac8 25. Kf2 Bxf3 26. Kxf3 Nb4 27. Rc4 Nd5 28. Rfc1 Ne7 29. Bg5 Kf7 30. b3 Rd6
31. Bxe7 Kxe7 32. b4 Kd7 33. a5 b5 34. R4c3 Rxd4 35. Ke3 Rxb4
0-1

[Event "January Blitz"]
[Site "SchemingMind.com"]
[Date "2015.02.02"]
[Round "-"]
[White "CLewis73"]
[Black "David Perna-Fraser"]
[Result "0-1"]
[WhiteCountry "ENG"]
[BlackCountry "CAN"]
[WhiteElo "1800"]
[WhiteRD "73"]
[BlackElo "2265"]
[BlackRD "58"]
[GameID "373998"]

1. e4 e5 2. d4 exd4 3. Nf3 Nc6 4. c3 dxc3 5. Nxc3 Bc5 6. Bc4 d6 7. Qb3 Qd7 8. Nd5 Nge7 9. Qc3 O-O 10. Bh6 Qg4
11. Ng5 Bxf2+ 12. Kxf2 Qh4+ 13. Qg3 Qxh6 14. Nxe7+ Nxe7 15. Rhf1 Qf6+ 16. Kg1 Qd4+
0-1

[Event "January Blitz"]
[Site "SchemingMind.com"]
[Date "2015.02.02"]
[Round "-"]
[White "David Perna-Fraser"]
[Black "CLewis73"]
[Result "1-0"]
[WhiteCountry "CAN"]
[BlackCountry "ENG"]
[WhiteElo "2265"]
[WhiteRD "58"]
[BlackElo "1800"]
[BlackRD "73"]
[GameID "373999"]

1. e4 e5 2. Nf3 d5 3. exd5 e4 4. Qe2 Qe7 5. Nd4 g6 6. Nc3 Bg7 7. Ndb5 a6 8. d6 cxd6 9. Nd5 Qe5 10. Nbc7+ Kd7
11. Nxa8 Nc6 12. Nab6+ Kd8 13. c3 h5 14. d3 Bg4 15. Qxe4 Qxe4+ 16. dxe4 Nge7 17. Nxe7 Kxe7 18. Bg5+ f6 19. Nd5+ Ke6 20. Be3
1-0

[Event "January Blitz"]
[Site "SchemingMind.com"]
[Date "2015.02.02"]
[Round "-"]
[White "CLewis73"]
[Black "Ramesh Panwar"]
[Result "0-1"]
[WhiteCountry "ENG"]
[BlackCountry "IND"]
[WhiteElo "1800"]
[WhiteRD "73"]
[BlackElo "2329"]
[BlackRD "52"]
[GameID "374000"]

1. e4 e5 2. d4 exd4 3. Nf3 Nc6 4. c3 Nf6 5. e5 Nd5 6. cxd4 d6 7. Bb5 a6 8. Bxc6+ bxc6 9. O-O Be7 10. Nc3 O-O
11. Nxd5 cxd5 12. Be3 Bg4 13. h3 Bxf3 14. Qxf3 dxe5 15. dxe5 c5 16. Rfd1 d4 17. Rac1 Qb6 18. Bf4 Qxb2 19. a4 Qa2 20. Ra1 Qe6
21. Rab1 Rab8 22. Rb7 g5 23. Bh2 Rxb7 24. Qxb7 Rd8 25. Rb1 d3 26. f4 c4 27. f5 Qd7 28. Qxd7 Rxd7 29. Kf2 c3 30. Ke1 Bb4
0-1

[Event "January Blitz"]
[Site "SchemingMind.com"]
[Date "2015.02.02"]
[Round "-"]
[White "Ramesh Panwar"]
[Black "CLewis73"]
[Result "1-0"]
[WhiteCountry "IND"]
[BlackCountry "ENG"]
[WhiteElo "2329"]
[WhiteRD "52"]
[BlackElo "1800"]
[BlackRD "73"]
[GameID "374001"]

1. c4 e5 2. Nc3 d6 3. e3 f5 4. g3 Nf6 5. Bg2 Be7 6. Nge2 O-O 7. O-O c6 8. b3 Qe8 9. d4 e4 10. Ba3 g5
11. Rc1 Qh5 12. f3 exf3 13. Bxf3 Ng4 14. Bxg4 Qxg4 15. d5 c5 16. Nb5 Na6 17. Bb2 Bd7 18. Nec3 Bxb5 19. Nxb5 Qe4 20. Qd2 Nb4
21. a3 Nd3 22. Nc3 Qg4 23. Qxd3 f4 24. Ne4 fxe3 25. Qc3
1-0